the basics of biology/ (Record no. 177613)
[ view plain ]
| 000 -LEADER | |
|---|---|
| fixed length control field | 00366nam a22001337a 4500 |
| 010 ## - LCCN (DPL NO) | |
| LC control number | B-168568 |
| 035 ## - SYSTEM CONTROL NUMBER | |
| System control number | B-168568 |
| 100 ## - MAIN ENTRY--PERSONAL NAME | |
| Personal name | Stone, carol leth |
| 245 ## - TITLE STATEMENT | |
| Title | the basics of biology/ |
| Statement of responsibility, etc | Carol leth stone |
| 260 ## - PUBLICATION, DISTRIBUTION, ETC. (IMPRINT) | |
| Place of publication, distribution, etc | London |
| Name of publisher, distributor, etc | greenwood press |
| 270 ## - ADDRESS | |
| Address | westport , connecticut |
| 300 ## - PHYSICAL DESCRIPTION | |
| Extent | 280p. |
| Other physical details | 25cm(hbk) |
| 942 ## - ADDED ENTRY ELEMENTS (KOHA) | |
| Source of classification or shelving scheme | Dewey Decimal Classification |
| Item type | English Books |
| Classification part | 574 |
| Call number suffix | STO |
| Withdrawn status | Lost status | Not for loan | Collection code | Home library | Current library | Date acquired | Full call number | Barcode | Koha item type | Cost, normal purchase price | Cost, replacement price |
|---|---|---|---|---|---|---|---|---|---|---|---|
| Non-fiction | Central Library | Central Library | 24/02/2021 | 574 STO | b-168568 | English Books | |||||
| Sarojini Nagar | Sarojini Nagar | 30/09/2022 | 574 STO | B-168578 | English Books | 695.00 | 695.00 |
